000 02976cam a22005174i 4500
003 PE-LiUPU
005 20250731184059.0
008 171009s2010 ag a r 000 0 spa d
020 _a9507691693
020 _a9789507691690
035 _a(Sirsi) a239692
040 _aPE-LiUPU
_bspa
_cPE-LiUPU
_erda
049 _aPRUA
082 0 4 _a863.928
_bP48 2010
082 0 4 _a848.9
_bP48
_223
100 1 _aPeverini de Ampuero, Otilia,
_eautor.
245 1 0 _aHistorias de mi Granja /
_cOtilia Peverini de Ampuero.
264 1 _aArgentina :
_bEdiciones New Life,
_c2010.
300 _a111 páginas :
_bilustraciones ;
_c21 centímetros
336 _atext
_2rdacontent
337 _aunmediated
_2rdamedia
338 _avolume
_2rdacarrier
505 0 _aEl zapatito de charol -- Misioneritos -- El petizo Sabio -- Por un plato de locro -- Tengo miedo -- Prestar a Dios -- ¡Víboras! -- Compartiendo -- Fue solo una Broma -- Jesús mira el corazón -- Perros y Perritos -- LaPura verdad -- El corderito -- Una Lección oportuna -- La chuequita -- Musi -- Totó -- San Antonio Milagroso -- No juzgues -- Perdóname -- Cuando musi se perdió -- ¡Cuidado! -- Cabito, el amigo fiel -- ¡Abajo las armas! -- El angel de Jehová! -- Jardinerito.
526 _aP145
526 _aP127
526 _aP97
526 _aP14
526 _aP07
650 0 4 _aRelato para niños.
650 0 4 _aNarrativa testimonial.
650 0 4 _aCuentos infantiles franceses
_ySiglo XX
_vAdaptaciones.
910 _tqv
_d20171009
910 _abgr
_bksl
_cksl
_d20190826
942 _2ddc
_cBOOK
949 _a863.928 P48 2010
_wDEWEY
_c1
_iFJ08899
_lCCODEBUJ1
_mBUJ
_p5.00
_r0
_sY
_tBOOK
_u2017-10-09
_xEDUCACIÓN
_PP20
_0COMPRA
_o.STAFF. Colección General Juliaca
949 _a863.928 P48 2010
_wDEWEY
_c2
_iFJ08900
_lCCODEBUJ1
_mBUJ
_p5.00
_r0
_sY
_tBOOK
_u2017-10-09
_xEDUCACIÓN
_PP20
_0COMPRA
_o.STAFF. Colección General Juliaca
994 _aC0
_bPEPRU
596 _a1 3
999 _a863.928 P48 2010
_wDEWEY
_c25369
_iFJ08899
_d25369
_e2019-5-3
_f2022-2-2
_g2
_lCCODEBUJ1
_mBUJ
_n1
_p5.00
_q6
_r0
_sY
_tBOOK
_u2017-10-9
_xEDUCACION
_PP20
_0COMPRA
_o.STAFF. Colección General Juliaca
999 _a863.928 P48 2010
_wDEWEY
_c2
_iFJ08900
_d2018-5-21
_f2022-2-2
_g2
_lCCODEBUJ1
_mBUJ
_p5.00
_q2
_r0
_sY
_tBOOK
_u2017-10-9
_xEDUCACION
_PP20
_0COMPRA
_o.STAFF. Colección General Juliaca
999 _a848.9 P48
_wDEWEY
_c1
_i80638
_d2019-11-7
_e2019-11-7
_lCRAI-HOUSE
_mBUL
_n1
_p3.48
_r0
_sY
_tBOOK
_u2019-8-26
_xCOLEGIO
_zUNKNOWN
_0DONACION
_o.STAFF. Colección General
999 _a848.9 P48
_wDEWEY
_c2
_i80639
_lCRAI-HOUSE
_mBUL
_p3.48
_r0
_sY
_tBOOK
_u2019-8-26
_xCOLEGIO
_zUNKNOWN
_0DONACION
_o.STAFF. Colección General
999 _a848.9 P48
_wDEWEY
_c3
_i80640
_f2021-11-9
_g2
_lCCODEBUL1
_mBUL
_p3.48
_r0
_sY
_tBOOK
_u2019-8-26
_xEDUCACION
_zUNKNOWN
_0DONACION
_o.STAFF. Colección General
980 _81
_gALBERTO SANCHEZ Responsable de Automatización